Anteproyecto del plan regulador para la ciudad de Cuenca /

Bibliographic Details
Other Authors: Vanegas Peña, Santiago (Editor)
Format: Electronic eBook
Language:Spanish
Published: Cuenca, Ecuador : Universidad del Azuay, Casa Editora, [2019]
Subjects:
Online Access:Digitalia Hispánica

MARC

LEADER 00000nam a2200000Ii 4500
001 DIGUAZUAY0058
003 NyNyDIG
006 m o d
007 cr |||||||||||
008 251104s2019 ec a o 000 0 spa d
035 |a (OCoLC)1438854726 
040 |a DGITA  |b eng  |e rda  |e pn  |c DGITA 
020 |a 9789942822314  |q eBook 
020 |z 9789942822291 
043 |a s-ec--- 
050 1 4 |a HT129.E2 ebook  
245 0 0 |a Anteproyecto del plan regulador para la ciudad de Cuenca /  |c Santiago Vanegas Peña (compilador). 
246 3 4 |a Anteproyecto Cuenca plan regulador 
246 3 4 |a 1947 
246 3 |a Mil novecientos cuarenta y siete 
264 1 |a Cuenca, Ecuador :  |b Universidad del Azuay, Casa Editora,  |c [2019] 
300 |a 1 online resource :  |b illustrations. 
336 |a text  |b txt  |2 rdacontent 
337 |a computer  |b c  |2 rdamedia 
338 |a online resource  |b cr  |2 rdacarrier 
347 |a text file  |2 rdaft 
347 |b PDF 
588 0 |a Online resource; title from PDF title page (Digitalia, viewed November 4, 2025) 
650 0 |a City planning  |z Ecuador  |z Cuenca  |x History. 
650 0 |a Architecture  |z Ecuador  |z Cuenca  |x History. 
700 1 |a Vanegas Peña, Santiago,  |e editor. 
791 2 |a Digitalia (Firm),  |e distributor. 
793 0 |g Digitalia eBook Collection:  |a Universidad del Azuay 
776 0 8 |i Print version:  |t Anteproyecto del plan regulador para la ciudad de Cuenca.  |d Cuenca, Ecuador : Universidad del Azuay, Casa Editora, [2019]  |z 9789942822291 
856 4 0 |3 Digitalia Hispánica  |u https://www.digitaliapublishing.com/a/133441/ 
910 |a Premium collection: 2025